[Event "Ruhrgebiet-ch Seniors 11th"]
[Site "Essen"]
[Date "2004.03.10"]
[Round "3"]
[White "Dehring, Guenter"]
[Black "Mader, Josef"]
[Result "0-1"]
[WhiteElo "1341"]
[BlackElo "1544"]
[PlyCount "62"]
[EventDate "2004.03.08"]
[EventType "swiss"]
[EventRounds "9"]
[EventCountry "GER"]
[SourceTitle "EXT 2006"]
[Source "ChessBase"]
[SourceDate "2005.11.24"]
[SourceVersion "1"]
[SourceVersionDate "2005.11.24"]
[SourceQuality "1"]

1. d4 d5 2. Bf4 Nf6 3. Nf3 c6 4. Nc3 e6 5. e3 Be7 6. Be2 0-0 7. 0-0 Nbd7 8. a3 h6 9. h3 Nh7 10. Bd3 Ndf6 11. Bxh7+ Nxh7 12. Ne5 Bf6 13. Qg4 Kh8 14. Ne2 Bxe5 15. Bxe5 Qg5 16. Qxg5 Nxg5 17. f4 Ne4 18. Nc3 Ng3 19. Rf3 Nf5 20. g3 f6 21. Bc7 b6 22. Rd1 Ba6 23. e4 dxe4 24. Rf2 e3 25. Rg2 Rf7 26. Be5 fxe5 27. dxe5 e2 28. Nxe2 Ne3 29. Rd2 Nxg2 30. Kxg2 Bxe2 31. Rxe2 Rd7 0-1

[Event "Ruhrgebiet-ch Seniors 10th"]
[Site "Essen"]
[Date "2003.04.02"]
[Round "6"]
[White "Arfert, Peter"]
[Black "Dehring, Guenter"]
[Result "0-1"]
[WhiteElo "1509"]
[BlackElo "1341"]
[PlyCount "98"]
[EventDate "2003.04.??"]
[EventType "swiss"]
[EventRounds "9"]
[EventCountry "GER"]
[SourceTitle "EXT 2006"]
[Source "ChessBase"]
[SourceDate "2005.11.24"]
[SourceVersion "1"]
[SourceVersionDate "2005.11.24"]
[SourceQuality "1"]

1. d4 e6 2. Bf4 Nf6 3. e3 c6 4. c3 d5 5. Nf3 Nbd7 6. Nbd2 Be7 7. Bd3 b6 8. Ne5 Bb7 9. h3 a6 10. a4 c5 11. 0-0 Nxe5 12. dxe5 Nd7 13. Qg4 g6 14. Nf3 c4 15. Bc2 Nc5 16. Nd4 h5 17. Qf3 Bg5 18. Rfd1 Qe7 19. Qe2 Bxf4 20. exf4 Qh4 21. Qf3 Rg8 22. Kh2 0-0-0 23. g3 Qe7 24. h4 Qc7 25. Qe3 Rdf8 26. Rf1 Qd7 27. f3 Kc7 28. g4 Rh8 29. Rg1 Bc6 30. a5 Rb8 31. axb6+ Rxb6 32. Nxc6 Qxc6 33. Ra2 Rhb8 34. Rb1 R8b7 35. f5 gxf5 36. gxf5 Rb8 37. Qg5 Rh8 38. Qg7 Qe8 39. Rg1 exf5 40. Bxf5 Ne6 41. Qg3 Kb7 42. f4 Ka7 43. Qf2 Rg8 44. Rga1 Kb7 45. Ra5 Qc6 46. Qf3 Rxb2+ 47. Kh3 Rgg2 48. Qxg2 Rxg2 49. Kxg2 Nxf4+ 0-1

[Event "Ruhrgebiet-ch Seniors 10th"]
[Site "Essen"]
[Date "2003.03.25"]
[Round "2"]
[White "Dehring, Guenter"]
[Black "Schmidt, Peter1111"]
[Result "1-0"]
[WhiteElo "1341"]
[BlackElo "1664"]
[PlyCount "99"]
[EventDate "2003.04.??"]
[EventType "swiss"]
[EventRounds "9"]
[EventCountry "GER"]
[SourceTitle "EXT 2006"]
[Source "ChessBase"]
[SourceDate "2005.11.24"]
[SourceVersion "1"]
[SourceVersionDate "2005.11.24"]
[SourceQuality "1"]

1. d4 Nf6 2. Bf4 e6 3. Nf3 d5 4. e3 c5 5. c3 Nc6 6. Bb5 Bd7 7. Bxc6 Bxc6 8. 0-0 Be7 9. Nbd2 cxd4 10. exd4 0-0 11. Re1 Rc8 12. Bg5 h6 13. Bxf6 Bxf6 14. Ne5 Qc7 15. Ndf3 Be7 16. h3 Bd6 17. Nxc6 bxc6 18. b4 a5 19. a3 Ra8 20. Qc2 Ra7 21. Qb2 Rfa8 22. Reb1 Rb8 23. Qc2 Rba8 24. Qb2 f6 25. b5 cxb5 26. Qxb5 a4 27. Qe2 e5 28. Rc1 e4 29. Nh4 Rc8 30. Nf5 Bh2+ 31. Kh1 Bf4 32. Rc2 Qd7 33. Ne3 Rb7 34. Qh5 Bxe3 35. fxe3 Rb3 36. Qe2 Rcxc3 37. Rxc3 Rxc3 38. Qf2 Qe7 39. Qf4 Qc7 40. Qf5 Qc6 41. Rb1 Rb3 42. Qf1 Kf7 43. Rc1 Qd6 44. Qf5 Rxa3 45. Qh5+ Ke7 46. Qg6 Qb8 47. Qxg7+ Ke6 48. Rc6+ Qd6 49. Rxd6+ Kxd6 50. Qf8+ 1-0